Name a North American City by Sports League - Statistics

General Stats
  • This quiz has been taken 29 times
  • The average score is 11 of 14
Answer Stats
Hint Answer % Correct
NFL + NBA + MLB + NHL Boston | Chicago | Dallas | Denver | Detroit | Los Angeles | Miami | Minneapolis | New York | Philadelphia | San Francisco | Washington
100%
NFL + NBA + MLB Atlanta | Cleveland | Houston | Phoenix
89%
NHL Calgary | Columbus | Edmonton | Montreal | Ottawa | Raleigh | Vancouver | Winnipeg
89%
NBA Memphis | Oklahoma City | Orlando | Portland | Sacramento | San Antonio
89%
NFL + MLB + NHL Pittsburgh | Seattle | Tampa
85%
NFL + NBA Charlotte | Indianapolis | New Orleans
81%
NFL + NHL Buffalo | Las Vegas | Nashville
78%
NFL Green Bay | Jacksonville
78%
NFL + MLB Baltimore | Cincinnati | Kansas City
70%
NBA + NHL Salt Lake City
67%
MLB San Diego
67%
NBA + MLB Milwaukee
63%
MLB + NHL St. Louis
63%
NBA + MLB + NHL Toronto
63%
No matching quizzes found
Score Distribution
Percent of People with Each Score
Percentile by Number Answered
Your Score History
You have not taken this quiz